| 000 -LEADER |
| fixed length control field |
01764cam a2200289 a 4500 |
| 003 - CONTROL NUMBER IDENTIFIER |
| control field |
OSt |
| 005 - DATE AND TIME OF LATEST TRANSACTION |
| control field |
20220406174858.0 |
| 008 - FIXED-LENGTH DATA ELEMENTS--GENERAL INFORMATION |
| fixed length control field |
101119s2010 ctuae 000 0 eng |
| 020 ## - INTERNATIONAL STANDARD BOOK NUMBER |
| International Standard Book Number |
9780393733334 (pbk.) |
| 042 ## - AUTHENTICATION CODE |
| Authentication code |
pcc |
| 082 00 - DEWEY DECIMAL CLASSIFICATION NUMBER |
| Classification number |
721 |
| Edition number |
22 |
| 245 00 - TITLE STATEMENT |
| Title |
Composites, surfaces, and software : |
| Remainder of title |
high performance architecture / |
| Statement of responsibility, etc |
Greg Lynn & Mark Foster Gage, editors. |
| 246 30 - VARYING FORM OF TITLE |
| Title proper/short title |
High performance architecture |
| 250 ## - EDITION STATEMENT |
| Edition statement |
1st ed. |
| 260 ## - PUBLICATION, DISTRIBUTION, ETC. (IMPRINT) |
| Place of publication, distribution, etc |
New Haven, Conn. : |
| Name of publisher, distributor, etc |
Yale School of Architecture ; |
| Place of publication, distribution, etc |
New York : |
| Name of publisher, distributor, etc |
Distributed by W.W. Norton & Co., |
| Date of publication, distribution, etc |
c2010. |
| 300 ## - PHYSICAL DESCRIPTION |
| Extent |
158 p. : |
| Other physical details |
ill. (chiefly col.), plans (some col.) ; |
| Dimensions |
26 cm. |
| 505 0# - FORMATTED CONTENTS NOTE |
| Formatted contents note |
Introducing composites, surfaces, and software / Greg Lynn -- Composites. From tectonics to cooking in a bag / Greg Lynn ; North sails three-dimensionsl laminates : the shrinking space between composites and textiles / William Pearson ; Craft in digital design / Bill Kreysler ; Case studies / Lorenzo Marasso, Gabrielle Ho, Ashima Chitre -- Surfaces. Elemental story : why & how / Greg Foley ; New thoughts on architecture and car design / Chris Bangle ; Experiential design / Adriana Monk ; Case studies / Quang Truong ... [et al.] -- Software. Software monocultures / Mark Foster Gage ; Architecture and the computer / Frank Gehry with Greg Lynn ; Feedback / Lise Anne Couture ; Case studies / Chiewhong Tan ... [et al.]. |
| 650 #0 - SUBJECT ADDED ENTRY--TOPICAL TERM |
| Topical term or geographic name as entry element |
Architecture and technology. |
| 650 #0 - SUBJECT ADDED ENTRY--TOPICAL TERM |
| Topical term or geographic name as entry element |
Architecture |
| General subdivision |
Technological innovations. |
| 650 #0 - SUBJECT ADDED ENTRY--TOPICAL TERM |
| Topical term or geographic name as entry element |
Composite materials. |
| 650 #0 - SUBJECT ADDED ENTRY--TOPICAL TERM |
| Topical term or geographic name as entry element |
Building materials. |
| 650 #0 - SUBJECT ADDED ENTRY--TOPICAL TERM |
| Topical term or geographic name as entry element |
Architectural design |
| General subdivision |
Study and teaching |
| Geographic subdivision |
Connecticut |
| -- |
New Haven. |
| 700 1# - ADDED ENTRY--PERSONAL NAME |
| Personal name |
Lynn, Greg. |
| 700 1# - ADDED ENTRY--PERSONAL NAME |
| Personal name |
Gage, Mark Foster. |
| 906 ## - LOCAL DATA ELEMENT F, LDF (RLIN) |
| a |
7 |
| b |
cbc |
| c |
orignew |
| d |
1 |
| e |
ecip |
| f |
20 |
| g |
y-gencatlg |
| 942 ## - ADDED ENTRY ELEMENTS (KOHA) |
| Source of classification or shelving scheme |
|